Heaviest Snakes - Statistics

General Stats
  • This quiz has been taken 28 times
  • The average score is 4 of 10
Answer Stats
Weight Snake % Correct
60 - 500+ lbs Green Anaconda
92%
150 - 350+ lbs Reticulated Python
92%
100 - 400 lbs Burmese Python
68%
60 - 88+ lbs Yellow Anaconda
48%
100 - 250 lbs African Rock Python
40%
50 - 150+ lbs Boa Constrictor
32%
100 - 200 lbs Indian Python
16%
50 - 100+ lbs Papuan Python
8%
66 - 100 lbs Dark Spotted Anaconda
4%
100 - 200 lbs Scrub Python
4%
No matching quizzes found
Score Distribution
Percent of People with Each Score
Percentile by Number Answered
Your Score History
You have not taken this quiz